On some technical application of mathematical logic
Elmentve itt :
| Szerző: | |
|---|---|
| Dokumentumtípus: | Kézirat |
| Kulcsszavak: | Matematikai logika - előadáskivonat |
| Online Access: | http://misc.bibl.u-szeged.hu/57287 |
| LEADER | 00589ntm a2200157 i 4500 | ||
|---|---|---|---|
| 001 | misc57287 | ||
| 005 | 20200914151647.0 | ||
| 008 | 200914suuuu hu o 0|| eng d | ||
| 040 | |a SZTE Miscellanea Repozitórium |b hun | ||
| 041 | |a eng | ||
| 100 | 1 | |a Kalmár László | |
| 245 | 1 | 3 | |a On some technical application of mathematical logic |h [elektronikus dokumentum] / |c Kalmár László |
| 300 | |a 12 fol. |c 21 x 16 cm | ||
| 561 | |a Kalmár László kínai hagyaték | ||
| 695 | |a Matematikai logika - előadáskivonat | ||
| 856 | 4 | 0 | |u http://misc.bibl.u-szeged.hu/57287/1/kalmar_jegyzet_016.pdf |z Dokumentum-elérés |